Les compos de PSG 4-2 Man City (24/25) - Statistiques

Statistiques générales
  • Ce quiz a été pris 2 395 fois
    2 394 depuis la dernière actualisation
  • Le résultat moyen est 19 sur 22
Statistiques - réponses
Equipe Nationalité Joueur % Correct
PSG Marocain Achraf Hakimi
99%
PSG Italien Gianluigi Donnarumma
99%
PSG Français Bradley Barcola
97%
PSG Espagnol Fabian Ruiz
97%
PSG Brésilien Marquinhos
97%
PSG Equatorien Willian Pacho
97%
Manchester City Norvégien Erling Haaland
96%
PSG Portugais Joao Neves
96%
PSG Sud-Coréen Kang In Lee
96%
PSG Portugais Nuno Mendes
95%
PSG Portugais Vitinha
95%
PSG Français Désiré Doué
92%
Manchester City Brésilien Ederson
92%
Manchester City Belge Kevin de Bruyne
88%
Manchester City Portugais Ruben Dias
85%
Manchester City Suisse Manuel Akanji
80%
Manchester City Anglais Phil Foden
79%
Manchester City Portugais Bernardo SIlva
78%
Manchester City Croate Mateo Kovacic
76%
Manchester City Croate Josko Gvardiol
75%
Manchester City Brésilien Savinho
70%
Manchester City Portugais Matheus Nunes
47%
Aucun quiz correspondant
Distribution des résultats
% des personnes avec chaque résultat
Percentile par nombre de réponses
Votre historique - résultats
Vous n’avez pas pris ce quiz depuis la dernière actualisation